Najväčší záujem o spev

Bibliographic Details
Main Author: Michalička, Vladimír (Author)
Format: Article
Language:Slovak
PhysicalDescription:Obr.
Subjects:

MARC

LEADER 00000nab a2200000 ar4500
001 vtls009008414
003 SK-MaSNL
005 20260303065520.0
008 070720c1976 xo |r|p|||||||000 b|slo
015 |a SNBRB2007/07  |2 snkbucl 
038 |a SNKBUCL 
040 |a SNKBUCL  |b slo  |c SNKBUCL  |e AACR2 
041 |a slo 
044 |a xo  |c SK 
080 |a 78:373.6(437.6)  |2 1997 
080 |a 373.6  |2 1997 
100 1 |a Michalička, Vladimír  |4 aut  |9 957849 
245 1 0 |a Najväčší záujem o spev  |c Vladimír Michalička 
300 |b Obr. 
500 |a O činnosti Ľudového korvatória pri ObKaSS Bratislava IV. 
610 2 7 |a Ľudové konzervatórium pri ObKaSS (Bratislava, Slovensko)  |2 snkbucl  |9 1065672 
650 0 7 |a konzervatóriá  |2 snkbucl  |9 31623 
773 0 |t Rytmus  |g Roč. 27, č. 7 (1976), s. 28-29 
852 |a SNK  |b KIS3GCP 
958 |a SK 
999 |c 1751501  |d 1753431